[Event "Omsk Summer op"]
[Site "Omsk"]
[Date "2013.06.16"]
[Round "9"]
[White "Silchenko, Stepan"]
[Black "Usatchev, Sergei"]
[Result "0-1"]
[WhiteElo "1618"]
[BlackElo "1819"]
[PlyCount "32"]
[EventDate "2013.06.08"]
[EventType "swiss"]
[EventRounds "9"]
[EventCountry "RUS"]
[SourceTitle "EXT 2014"]
[Source "ChessBase"]
[SourceDate "2013.11.20"]
[SourceVersion "1"]
[SourceVersionDate "2013.11.20"]
[SourceQuality "1"]

1. Nf3 Nf6 2. c4 e6 3. Nc3 Bb4 4. g3 0-0 5. Bg2 c5 6. 0-0 Nc6 7. a3 Bxc3 8. bxc3 d6 9. d4 Qe7 10. h3 e5 11. d5 Nb8 12. Nd2 Nbd7 13. e4 g6 14. Qe2 Ne8 15. a4 a5 16. Kh2 Ng7 0-1

[Event "Omsk Summer op"]
[Site "Omsk"]
[Date "2013.06.10"]
[Round "3"]
[White "Rubtsov, Alexander"]
[Black "Usatchev, Sergei"]
[Result "1-0"]
[WhiteElo "2343"]
[BlackElo "1819"]
[PlyCount "61"]
[EventDate "2013.06.08"]
[EventType "swiss"]
[EventRounds "9"]
[EventCountry "RUS"]
[SourceTitle "EXT 2014"]
[Source "ChessBase"]
[SourceDate "2013.11.20"]
[SourceVersion "1"]
[SourceVersionDate "2013.11.20"]
[SourceQuality "1"]

1. d4 Nf6 2. c4 e6 3. a3 b6 4. Nc3 Bb7 5. Bg5 Be7 6. Qc2 d5 7. cxd5 exd5 8. Nf3 Nbd7 9. e3 Rc8 10. Qf5 g6 11. Qh3 Ne4 12. Bh6 Bf8 13. Bd3 Qe7 14. 0-0 Bxh6 15. Qxh6 Qf8 16. Qf4 f5 17. Nb5 Ba6 18. Nxc7+ Rxc7 19. Qxc7 Bxd3 20. Rfc1 Qe7 21. Ne5 Nxe5 22. Qb8+ Kf7 23. Qxh8 Nc4 24. Qxh7+ Kf6 25. Qxe7+ Kxe7 26. b3 Na5 27. Rc7+ Kd6 28. Rxa7 Nxb3 29. Ra2 Nc1 30. Rb2 Ne2+ 31. Kf1 1-0

[Event "Omsk-ch"]
[Site "Omsk"]
[Date "2013.02.16"]
[Round "8"]
[White "Kirpichev, Sergey"]
[Black "Usatchev, Sergei"]
[Result "1-0"]
[WhiteElo "2205"]
[BlackElo "1803"]
[PlyCount "97"]
[EventDate "2013.02.09"]
[EventType "swiss"]
[EventRounds "9"]
[EventCountry "RUS"]
[SourceTitle "CBM 153 Extra"]
[Source "ChessBase"]
[SourceDate "2013.04.22"]
[SourceVersion "1"]
[SourceVersionDate "2013.04.22"]
[SourceQuality "1"]

1. d4 Nf6 2. Nf3 e6 3. g3 d5 4. Bg2 Nbd7 5. 0-0 Bd6 6. c4 dxc4 7. Qa4 a6 8. Qxc4 b5 9. Qc2 Bb7 10. Bf4 0-0 11. Nbd2 h6 12. e4 Bxf4 13. gxf4 Rb8 14. Bh3 Nh5 15. f5 Nf4 16. Bg2 exf5 17. e5 g6 18. Rfe1 Nxg2 19. Kxg2 Re8 20. Rg1 Rc8 21. Kf1 Kh7 22. Qb3 Qe7 23. Re1 Nb6 24. h4 Bd5 25. Qe3 Nc4 26. Nxc4 Bxc4+ 27. Kg2 Bd5 28. Kh3 f6 29. Qf4 Bxf3 30. Qxf3 fxe5 31. Rxe5 Qf6 32. h5 g5 33. Rxf5 Qe6 34. d5 Qd7 35. Kh2 Re7 36. Rf6 Rg7 37. Qe4+ Kg8 38. Rxh6 Re8 39. Re6 Rf8 40. Rg2 Rf4 41. Qe5 Rh4+ 42. Kg1 Rxh5 43. f4 Qf7 44. Re8+ Kh7 45. Qe4+ Qg6 46. f5 Qb6+ 47. Rf2 Qf6 48. Re6 Rh4 49. Qg2 1-0

[Event "Omsk-ch"]
[Site "Omsk"]
[Date "2012.03.25"]
[Round "9"]
[White "Usatchev, Sergei"]
[Black "Vasiljev, Artem"]
[Result "1-0"]
[WhiteElo "1849"]
[BlackElo "1776"]
[PlyCount "79"]
[EventDate "2012.03.15"]
[EventType "swiss"]
[EventRounds "9"]
[EventCountry "RUS"]
[SourceTitle "EXT 2013"]
[Source "ChessBase"]
[SourceDate "2012.11.22"]
[SourceVersion "1"]
[SourceVersionDate "2012.11.22"]
[SourceQuality "1"]

1. d4 Nf6 2. c4 g6 3. Nc3 Bg7 4. e4 d6 5. Bg5 Nbd7 6. f4 0-0 7. Nf3 h6 8. Bh4 c5 9. d5 Nxe4 10. Nxe4 Bxb2 11. Rb1 Qa5+ 12. Qd2 Qxd2+ 13. Nfxd2 Ba3 14. Rb3 Bb4 15. a3 Bxd2+ 16. Nxd2 Re8 17. Re3 f6 18. Bd3 Kg7 19. 0-0 g5 20. fxg5 hxg5 21. Bg3 Ne5 22. Bxe5 dxe5 23. Ne4 b6 24. h3 Bb7 25. Nc3 Ba6 26. a4 Rad8 27. Nb5 Bxb5 28. axb5 e6 29. dxe6 Rxe6 30. Be4 Red6 31. Bd5 Rxd5 32. cxd5 Rxd5 33. Ra3 Kg6 34. Rxa7 c4 35. Rc7 Rxb5 36. Rxc4 Rc5 37. Rxc5 bxc5 38. Rc1 Kf5 39. Rxc5 Ke4 40. Kf2 1-0

[Event "Omsk op"]
[Site "Omsk"]
[Date "2012.02.07"]
[Round "6"]
[White "Usatchev, Sergei"]
[Black "Skokov, Boris"]
[Result "1-0"]
[WhiteElo "1849"]
[BlackElo "2026"]
[PlyCount "35"]
[EventDate "2012.01.29"]
[EventType "swiss"]
[EventRounds "9"]
[EventCountry "RUS"]
[SourceTitle "EXT 2022"]
[Source "ChessBase"]
[SourceDate "2021.10.06"]
[SourceVersion "1"]
[SourceVersionDate "2021.10.06"]
[SourceQuality "1"]

1. d4 Nf6 2. Nf3 e6 3. e3 c5 4. Bd3 Nc6 5. 0-0 d5 6. b3 Be7 7. Bb2 0-0 8. c4 b6 9. Nc3 Bb7 10. cxd5 Nxd5 11. Nxd5 Qxd5 12. e4 Qh5 13. Be2 Qg6 14. d5 exd5 15. exd5 Rad8 16. Bd3 Qh5 17. dxc6 Bxc6 18. Ne1 1-0

[Event "Omsk op"]
[Site "Omsk"]
[Date "2012.02.05"]
[Round "5"]
[White "Tastanov, Azamat"]
[Black "Usatchev, Sergei"]
[Result "1-0"]
[WhiteElo "1636"]
[BlackElo "1849"]
[PlyCount "25"]
[EventDate "2012.01.29"]
[EventType "swiss"]
[EventRounds "9"]
[EventCountry "RUS"]
[SourceTitle "EXT 2022"]
[Source "ChessBase"]
[SourceDate "2021.10.06"]
[SourceVersion "1"]
[SourceVersionDate "2021.10.06"]
[SourceQuality "1"]

1. d4 Nf6 2. c4 e6 3. Nf3 Bb4+ 4. Bd2 a5 5. e3 b6 6. a3 Bxd2+ 7. Nbxd2 a4 8. Bd3 Ba6 9. Qxa4 0-0 10. Qc2 Nc6 11. 0-0 d6 12. Ne4 h6 13. Rfd1 1-0

[Event "Omsk Rating"]
[Site "Omsk"]
[Date "2011.12.05"]
[Round "3"]
[White "Usatchev, Sergei"]
[Black "Golovko, Evgenij"]
[Result "1-0"]
[WhiteElo "1856"]
[BlackElo "2215"]
[PlyCount "87"]
[EventDate "2011.12.02"]
[EventType "swiss"]
[EventRounds "9"]
[EventCountry "RUS"]
[SourceTitle "EXT 2022"]
[Source "ChessBase"]
[SourceDate "2021.10.06"]
[SourceVersion "1"]
[SourceVersionDate "2021.10.06"]
[SourceQuality "1"]

1. d4 g6 2. Nf3 Bg7 3. Bf4 d6 4. c3 Nf6 5. h3 b6 6. e3 0-0 7. Nbd2 a5 8. a4 Nbd7 9. Bc4 Ba6 10. Qe2 Bxc4 11. Qxc4 Rc8 12. 0-0 c6 13. Rfb1 Re8 14. Qb3 h6 15. Rd1 e5 16. dxe5 dxe5 17. Bg3 Qe7 18. Nc4 Qe6 19. Qa2 Ne4 20. Rxd7 Qxd7 21. Nxb6 Qc7 22. Nxc8 Nxg3 23. fxg3 e4 24. Nh2 Rxc8 25. Nf1 Rb8 26. Rd1 Qb7 27. Rd2 Kh7 28. Qc4 Re8 29. g4 Qc7 30. Rf2 Re7 31. Nd2 Qb6 32. Nf1 Kg8 33. b4 Be5 34. g3 Bg7 35. Kg2 axb4 36. cxb4 Rb7 37. Qxe4 Qxb4 38. Qe8+ Bf8 39. Qxc6 Ra7 40. Rf4 Qa3 41. Qd5 Bc5 42. Qe4 Re7 43. Qa8+ Kg7 44. Rf3 1-0

[Event "Omsk CC-ch final"]
[Site "Omsk"]
[Date "2011.09.10"]
[Round "11"]
[White "Usatchev, Sergei"]
[Black "Riabinina, Margarita"]
[Result "0-1"]
[WhiteElo "1856"]
[BlackElo "1728"]
[PlyCount "78"]
[EventDate "2011.08.20"]
[EventType "swiss"]
[EventRounds "11"]
[EventCountry "RUS"]
[SourceTitle "EXT 2023"]
[Source "ChessBase"]
[SourceDate "2022.10.05"]
[SourceVersion "1"]
[SourceVersionDate "2022.10.05"]
[SourceQuality "1"]

1. d4 Nf6 2. c4 e6 3. Nc3 c5 4. d5 d6 5. e4 e5 6. Bd3 Nbd7 7. Nge2 a6 8. 0-0 g6 9. Bg5 Bg7 10. a4 0-0 11. Qd2 Re8 12. h3 Qc7 13. a5 h5 14. Ra3 Nh7 15. Be3 Bf6 16. Rfa1 Be7 17. Ng3 h4 18. Nge2 Kh8 19. Na4 Rg8 20. g4 hxg3 21. fxg3 Rb8 22. Nac3 Ndf8 23. Kg2 g5 24. Rf1 Qd7 25. Ng1 Bd8 26. Be2 f6 27. Bg4 Qg7 28. Bf5 Ng6 29. Kh2 Nhf8 30. Qg2 Ne7 31. Qf3 Nxf5 32. exf5 Qh7 33. g4 Rg7 34. Ne4 Be7 35. Ne2 b5 36. axb6 Rxb6 37. b3 Qg8 38. N2g3 Rh7 39. Bd2 Rb8 0-1

[Event "Omsk CC-ch sf"]
[Site "Omsk"]
[Date "2011.07.05"]
[Round "11"]
[White "Lunga, Oleg"]
[Black "Usatchev, Sergei"]
[Result "1/2-1/2"]
[WhiteElo "1625"]
[BlackElo "1856"]
[PlyCount "39"]
[EventDate "2011.06.20"]
[EventType "swiss"]
[EventRounds "11"]
[EventCountry "RUS"]
[SourceTitle "EXT 2023"]
[Source "ChessBase"]
[SourceDate "2022.10.05"]
[SourceVersion "1"]
[SourceVersionDate "2022.10.05"]
[SourceQuality "1"]

1. e4 c6 2. d4 d5 3. e5 c5 4. c3 Nc6 5. f4 cxd4 6. cxd4 Qb6 7. Nf3 Bg4 8. Nc3 e6 9. Bb5 Bxf3 10. Qxf3 Bb4 11. Bxc6+ Qxc6 12. 0-0 Ne7 13. Be3 Nf5 14. Bf2 Qd7 15. g4 Bxc3 16. Qxc3 Rc8 17. Qa3 Ne7 18. Qxa7 0-0 19. Qa3 Ra8 20. Qh3 1/2-1/2

[Event "Omsk CC-ch sf"]
[Site "Omsk"]
[Date "2011.06.27"]
[Round "6"]
[White "Adamson, Konstantin"]
[Black "Usatchev, Sergei"]
[Result "1/2-1/2"]
[WhiteElo "2183"]
[BlackElo "1856"]
[PlyCount "44"]
[EventDate "2011.06.20"]
[EventType "swiss"]
[EventRounds "11"]
[EventCountry "RUS"]
[SourceTitle "EXT 2023"]
[Source "ChessBase"]
[SourceDate "2022.10.05"]
[SourceVersion "1"]
[SourceVersionDate "2022.10.05"]
[SourceQuality "1"]

1. e4 c6 2. c4 d5 3. exd5 cxd5 4. cxd5 Qxd5 5. Nc3 Qd8 6. d4 e6 7. Nf3 Nf6 8. Bg5 Nc6 9. Bc4 Be7 10. 0-0 0-0 11. Re1 Re8 12. d5 exd5 13. Nxd5 Nxd5 14. Bxd5 Be6 15. Bxe7 Qxd5 16. Qxd5 Bxd5 17. Bc5 Bxf3 18. gxf3 Rxe1+ 19. Rxe1 Rd8 20. Be3 f6 21. Kf1 Kf7 22. Rc1 Rd7 1/2-1/2

[Event "Omsk-ch"]
[Site "Omsk"]
[Date "2010.03.04"]
[Round "8"]
[White "Usatchev, Sergei"]
[Black "Dudko, Gennady"]
[Result "1-0"]
[WhiteElo "1865"]
[BlackElo "1853"]
[PlyCount "45"]
[EventDate "2010.02.20"]
[EventType "swiss"]
[EventRounds "11"]
[EventCountry "RUS"]
[SourceTitle "CBM 135 Extra"]
[Source "ChessBase"]
[SourceDate "2010.05.04"]
[SourceVersion "1"]
[SourceVersionDate "2010.05.04"]
[SourceQuality "1"]

1. c4 Nf6 2. Nc3 e6 3. d4 d5 4. Bg5 Be7 5. cxd5 exd5 6. Qc2 0-0 7. e3 h6 8. Bxf6 Bxf6 9. b4 Re8 10. Be2 Nc6 11. Qb3 Ne7 12. Nf3 c6 13. 0-0 Bg4 14. Rfc1 Rc8 15. Na4 Nf5 16. Bd3 Nd6 17. Nd2 Re7 18. Nc3 Qd7 19. Qc2 Qe8 20. h3 Bd7 21. a4 a6 22. a5 Be6 23. Na4 1-0

[Event "Omsk-ch"]
[Site "Omsk"]
[Date "2010.02.20"]
[Round "1"]
[White "Pozdniakov, Vladimir"]
[Black "Usatchev, Sergei"]
[Result "1-0"]
[WhiteElo "2182"]
[BlackElo "1865"]
[PlyCount "47"]
[EventDate "2010.02.20"]
[EventType "swiss"]
[EventRounds "11"]
[EventCountry "RUS"]
[SourceTitle "CBM 135 Extra"]
[Source "ChessBase"]
[SourceDate "2010.05.04"]
[SourceVersion "1"]
[SourceVersionDate "2010.05.04"]
[SourceQuality "1"]

1. c4 c5 2. g3 Nf6 3. Bg2 d5 4. cxd5 Nxd5 5. Nc3 Nc7 6. d3 e5 7. Be3 Be7 8. Rc1 Nba6 9. Nf3 f6 10. Nd2 Rb8 11. Nc4 Be6 12. 0-0 0-0 13. f4 Bxc4 14. dxc4 Qxd1 15. Rfxd1 Rfd8 16. Rxd8+ Bxd8 17. Rd1 b6 18. Rd7 Kf8 19. a3 Be7 20. Nb5 Rd8 21. Rxd8+ Bxd8 22. Nxa7 Ne6 23. Nb5 Ke7 24. Kf2 1-0

[Event "Omsk-ch op"]
[Site "Omsk"]
[Date "2009.02.14"]
[Round "2"]
[White "Usatchev, Sergei"]
[Black "Mikhailovsky, Viktor"]
[Result "1-0"]
[WhiteElo "1855"]
[BlackElo "2031"]
[PlyCount "87"]
[EventDate "2009.02.12"]
[EventType "swiss"]
[EventRounds "11"]
[EventCountry "RUS"]
[SourceTitle "CBM 129 Extra"]
[Source "ChessBase"]
[SourceDate "2009.05.05"]
[SourceVersion "2"]
[SourceVersionDate "2009.05.20"]
[SourceQuality "1"]

1. d4 Nf6 2. c4 d6 3. Nc3 e5 4. Nf3 e4 5. Ng5 Bf5 6. g3 h6 7. Nh3 c6 8. Bg2 Na6 9. a3 Be7 10. e3 0-0 11. Nf4 Nc7 12. d5 Qd7 13. 0-0 g5 14. Nfe2 Bh3 15. Re1 Bxg2 16. Kxg2 c5 17. Ng1 Rfe8 18. Qe2 Qf5 19. Bd2 Nd7 20. f3 exf3+ 21. Nxf3 g4 22. Ng1 Ne5 23. e4 Qg6 24. Rf1 Rf8 25. Rf5 Ne8 26. Raf1 Ng7 27. R5f2 f5 28. Bf4 Nd7 29. e5 dxe5 30. Bxe5 Nxe5 31. Qxe5 Bd6 32. Qe3 Rae8 33. Qd2 h5 34. Nge2 h4 35. Nf4 Qh6 36. Kg1 Re5 37. Nb5 Bb8 38. d6 a6 39. Nc7 hxg3 40. hxg3 Rd8 41. Rd1 Kf7 42. Rh2 Qf6 43. Ncd5 Re4 44. Nxf6 1-0